Deti predškolského veku v detskom domove a ich literárna výchova

Podrobná bibliografia
Hlavný autor: Matthaeidesová, Marta, 1948- (Autor)
Médium: Článok
Jazyk:slovenčina
Predmet:

MARC

LEADER 00000nab a2200000 a 4500
001 vtls000073562
003 SK-MaSNL
005 20260303024752.0
008 111103c1980 xo 0 slo
015 |a SNBRB19rr/mm-uuuuu 
035 |a CL0083663 
040 |a SNKBUCL  |b slo  |c SNKBUCL  |e AACR2 
041 0 |a slo 
044 |a xo  |c SK 
080 |a 027.625  |2 1981 
100 1 |a Matthaeidesová, Marta,  |d 1948-  |4 aut  |9 105943 
245 1 0 |a Deti predškolského veku v detskom domove a ich literárna výchova  |c Marta Matthaeidesová 
650 0 7 |a deti predškolského veku  |2 snkbucl  |9 4103 
650 0 7 |a detské domovy  |2 snkbucl  |9 69524 
655 7 |a články z novín a časopisov  |2 snkbucl  |9 267496 
655 7 |a články z odboru knihovníctvo  |2 snkbucl  |9 166141 
773 0 |t Bulletin o práci s knihou medzi deťmi a mládežou  |g Č. 45 (1980), s. 85-93 
850 |a Slovenská národná knižnica v Martine  |a MTA001 
852 |a SNK  |b KIS3GCP 
958 |a RK 
958 |a KL 
992 |a RBX 
999 |c 1642425  |d 1644355